| 000 | 00469nam a2200169Ia 4500 | ||
|---|---|---|---|
| 999 |
_c2898 _d2898 |
||
| 003 | OSt | ||
| 005 | 20200818124131.0 | ||
| 008 | 190216s9999||||xx |||||||||||||| ||und|| | ||
| 040 | _coclc | ||
| 082 |
_a540 _bTHO/G |
||
| 100 |
_aThomas, A O _94188 |
||
| 245 | 0 |
_aGeneral Chemistry / _cA O Thomas |
|
| 260 |
_bScientific Book Agency, _c2000. _aKannur: |
||
| 300 | _a254p | ||
| 650 | _aGeneral Collections | ||
| 942 |
_cBK _2ddc _h540 _iTHO/G _k540 _mTHO/G |
||